000 00791nam a2200277Ia 4500
001 5649
005 20240113233842.0
007 ta
008 050622s2002 g b000 u eng u
040 _aCotton College,Assam
041 _aeng
082 _a823
_bCh 458 Mi
100 _aChoudhury, Bibhash .
245 0 _aA Miscellany of English Prose /
_cBibhash Choudhury.
_hTextual Documents
250 _a1st ed. /
260 _aGuwahati :
_bKitab Bhawan ,
_c2002.
300 _a206p. ;
_c21cm.
500 _aA Miscellany of English Prose Replaced Against Acc No 43482, Twentieth Century Literature By A.C Ward
504 _aBib.
653 _aEnglish fiction
653 _aPG-English
942 _2ddc
_cBK
999 _c5636
_d5636